| 000 | 00467nam a22001937a 4500 | ||
|---|---|---|---|
| 003 | MPLRDC | ||
| 005 | 20220104143527.0 | ||
| 008 | 210129b ||||| |||| 00| 0 eng d | ||
| 020 | _a957-8685-42-4 | ||
| 082 | _a429.1 YZL | ||
| 100 | _a叶子茹编 | ||
| 245 |
_a如何让爱情加深 _c |
||
| 250 | _a初版 | ||
| 260 |
_a _b小畅书房 _c1994 |
||
| 300 | _b平 | ||
| 490 | _a新.SEX教育手册. 9 | ||
| 650 | _a结婚医学常识 | ||
| 942 |
_cBK _o429.1 YZL |
||
| 999 |
_c40786 _d40776 |
||